| 000 | 00818nam a2200253Ia 4500 | ||
|---|---|---|---|
| 001 | 11038 | ||
| 003 | GE_BSU | ||
| 008 | 181216s||||||||xx |||||||||||||| ||und|| | ||
| 020 | _a9785713314095 | ||
| 040 | _cGE_BSU | ||
| 080 | _a81'25(075.8) | ||
| 100 | _aДубинин,Ю.В. | ||
| 245 | _aМастерство переговоров. | ||
| 245 | _bУчебник для студентов,Обучаюшихся по специальности "международные отношения | ||
| 250 | _a4-е изд, доп. | ||
| 260 | _aМосква. | ||
| 260 | _bмеждународны отношения. | ||
| 260 | _c2012. | ||
| 300 | _a320стр,илл,21см. | ||
| 520 | _aМгимо Мид РФ. | ||
| 541 | _h44л. | ||
| 653 | _aМастерство переговоров. | ||
| 942 | _cBK | ||
| 999 |
_c44280 _d44280 |
||